<?xml version="1.0" encoding="UTF-8"?><?xml-stylesheet type="text/xsl" href="static/style.xsl"?><OAI-PMH xmlns="http://www.openarchives.org/OAI/2.0/" xmlns:xsi="http://www.w3.org/2001/XMLSchema-instance" xsi:schemaLocation="http://www.openarchives.org/OAI/2.0/ http://www.openarchives.org/OAI/2.0/OAI-PMH.xsd"><responseDate>2026-04-13T06:45:24Z</responseDate><request verb="GetRecord" identifier="oai:www.recercat.cat:20.500.14342/2867" metadataPrefix="marc">https://recercat.cat/oai/request</request><GetRecord><record><header><identifier>oai:recercat.cat:20.500.14342/2867</identifier><datestamp>2025-03-15T03:36:05Z</datestamp><setSpec>com_2072_482405</setSpec><setSpec>com_2072_183628</setSpec><setSpec>col_2072_482415</setSpec></header><metadata><record xmlns="http://www.loc.gov/MARC21/slim" xmlns:dcterms="http://purl.org/dc/terms/" xmlns:xsi="http://www.w3.org/2001/XMLSchema-instance" xmlns:doc="http://www.lyncode.com/xoai" xsi:schemaLocation="http://www.loc.gov/MARC21/slim http://www.loc.gov/standards/marcxml/schema/MARC21slim.xsd">
   <leader>00925njm 22002777a 4500</leader>
   <datafield ind2=" " ind1=" " tag="042">
      <subfield code="a">dc</subfield>
   </datafield>
   <datafield ind2=" " ind1=" " tag="720">
      <subfield code="a">Amo Filvà, Daniel</subfield>
      <subfield code="e">author</subfield>
   </datafield>
   <datafield ind2=" " ind1=" " tag="720">
      <subfield code="a">Alier, Marc</subfield>
      <subfield code="e">author</subfield>
   </datafield>
   <datafield ind2=" " ind1=" " tag="720">
      <subfield code="a">GARCÍA-PEÑALVO, Francisco José</subfield>
      <subfield code="e">author</subfield>
   </datafield>
   <datafield ind2=" " ind1=" " tag="720">
      <subfield code="a">Fonseca, David</subfield>
      <subfield code="e">author</subfield>
   </datafield>
   <datafield ind2=" " ind1=" " tag="720">
      <subfield code="a">Casany, María José</subfield>
      <subfield code="e">author</subfield>
   </datafield>
   <datafield ind2=" " ind1=" " tag="260">
      <subfield code="c">2018-06</subfield>
   </datafield>
   <datafield ind2=" " ind1=" " tag="520">
      <subfield code="a">The construction of knowledge through computational practice requires to teachers a substantial amount of time and effort to evaluate programming skills, to understand and to glimpse the evolution of the students and finally&#xd;
to state a quantitative judgment in learning assessment. This suposes a huge problem of time and no adecuate intime feedback to students while practicing programming activities.&#xd;
The field of learning analytics has been a common practice in research since&#xd;
last years due their great possibilities in terms of learning improvement. Such&#xd;
possibilities can be a strong positive contribution in the field of computational&#xd;
practice such as programming.&#xd;
In this work we attempt to use learning analytics to ensure intime and quality&#xd;
feedback through the analysis of students behavior in programming practice.&#xd;
Hence, in order to help teachers in their assessments we propose a solution to&#xd;
categorize and understand students’ behavior in programming activities using&#xd;
business technics such as web clickstream.&#xd;
Clickstream is a technique that consists in the collection and analysis of data&#xd;
generated by users. We applied it in learning programming environments to study&#xd;
students behavior to enhance students learning and programming skills.&#xd;
The results of the work supports this business technique as useful and adequate in programming practice. The main finding showns a first taxonomy of&#xd;
programming behaviors that can easily be used in a classroom. This will help&#xd;
teachers to understand how students behave in their practice and consequently&#xd;
enhance assessment and students’ following-up to avoid examination failures.</subfield>
   </datafield>
   <datafield ind1="8" ind2=" " tag="024">
      <subfield code="a">http://hdl.handle.net/20.500.14342/2867</subfield>
   </datafield>
   <datafield tag="653" ind2=" " ind1=" ">
      <subfield code="a">Dades massives</subfield>
   </datafield>
   <datafield tag="653" ind2=" " ind1=" ">
      <subfield code="a">Ensenyament -- Innovacions tecnològiques</subfield>
   </datafield>
   <datafield ind2="0" ind1="0" tag="245">
      <subfield code="a">Learning Analytics to Assess Students’ Behavior With Scratch Through Clickstream</subfield>
   </datafield>
</record></metadata></record></GetRecord></OAI-PMH>